New Cultural Studies: Adventures in Theory (Record no. 13259)
[ view plain ]
| 000 -LEADER | |
|---|---|
| fixed length control field | 00443nam a22001697a 4500 |
| 003 - CONTROL NUMBER IDENTIFIER | |
| control field | OSt |
| 008 - FIXED-LENGTH DATA ELEMENTS--GENERAL INFORMATION | |
| fixed length control field | 250409b |||||||| |||| 00| 0 eng d |
| 020 ## - INTERNATIONAL STANDARD BOOK NUMBER | |
| International Standard Book Number | 9788125035114 |
| 082 ## - DEWEY DECIMAL CLASSIFICATION NUMBER | |
| Classification number | 306.07 HAN |
| 100 ## - MAIN ENTRY--PERSONAL NAME | |
| Personal name | HALL, Gary and BIRCHALL, Clare |
| 245 ## - TITLE STATEMENT | |
| Title | New Cultural Studies: Adventures in Theory |
| 250 ## - EDITION STATEMENT | |
| Edition statement | Reprint |
| 260 ## - PUBLICATION, DISTRIBUTION, ETC. (IMPRINT) | |
| Place of publication, distribution, etc | Telangana, India, |
| Name of publisher, distributor, etc | Orient BlackSwan, |
| Date of publication, distribution, etc | 2016, |
| 300 ## - PHYSICAL DESCRIPTION | |
| Extent | 324 p. |
| 650 ## - SUBJECT ADDED ENTRY--TOPICAL TERM | |
| Topical term or geographic name as entry element | English |
| 942 ## - ADDED ENTRY ELEMENTS (KOHA) | |
| Source of classification or shelving scheme | Dewey Decimal Classification |
| Koha item type | Text Books |
| Withdrawn status | Lost status | Source of classification or shelving scheme | Damaged status | Not for loan | Collection code | Home library | Current library | Date acquired | Source of acquisition | Currency | Cost, normal purchase price | Bill Number | Total Checkouts | Full call number | Acc. no. / Barcode | Date last seen | Actual Cost, discounted price | Bill Date | Koha item type |
|---|---|---|---|---|---|---|---|---|---|---|---|---|---|---|---|---|---|---|---|
| Dewey Decimal Classification | B.A Hons. English | PIET NCR College Library | PIET NCR College Library | 04/04/2025 | Zafaa Books & Distributers | In Rupees | 1680.00 | ZBD0005 | 306.07 HAN | N3887 | 09/04/2025 | 1176.00 | 04/04/2025 | Reference Books | |||||
| Dewey Decimal Classification | B.A Hons. English | PIET NCR College Library | PIET NCR College Library | 04/04/2025 | Zafaa Books & Distributers | In Rupees | 1680.00 | ZBD0005 | 306.07 HAN | N3888 | 09/04/2025 | 1176.00 | 04/04/2025 | Text Books | |||||
| Dewey Decimal Classification | B.A Hons. English | PIET NCR College Library | PIET NCR College Library | 04/04/2025 | Zafaa Books & Distributers | In Rupees | 1680.00 | ZBD0005 | 306.07 HAN | N3889 | 09/04/2025 | 1176.00 | 04/04/2025 | Text Books |